000 00293pam a2200133 a 4500
020 _c
041 _h
082 _a005.133
_bBRA/BRA
100 _aBRAMER. B.
245 _aC++FOR ENGINEERS
_hTextual Documents
260 _bARNOLD PUBLISHERS PVT LTD
_c1996
300 _a468
930 _a13268
999 _c132695
_d132695